| 000 | 00543cam a2200205ua 4500 | ||
|---|---|---|---|
| 001 | 1319 | ||
| 008 | 110702n ii |||gr||||Z||||||asm | ||
| 020 | _a81-85905-43-6 | ||
| 040 | _cMAIN | ||
| 082 | _a330.954 | ||
| 100 | _aHuda, Manirul., | ||
| 245 |
_aBharatiya arthaniti. : _buttar pub anchalar arthaniti soho. / _cBy Manirul Huda. |
||
| 250 | _a2nd. | ||
| 260 |
_aGowahati.: _bStudents store.,993. |
||
| 300 |
_a96 p.: _c20 cm. |
||
| 653 | _aEconomics. | ||
| 653 | _aBharatiya arthaniti. | ||
| 700 | _aBordoloi, Gopal., | ||
| 942 | _cBK | ||
| 999 |
_c1219 _d1219 |
||